[Event "Henderson Trusts op-B 43rd"]
[Site "Henderson"]
[Date "2021.06.05"]
[Round "1"]
[White "Gilmour, Mark"]
[Black "Liu, Zikun Kenneth"]
[Result "0-1"]
[WhiteElo "1715"]
[BlackElo "1579"]
[PlyCount "104"]
[EventDate "2021.06.05"]
[EventType "swiss"]
[EventRounds "6"]
[EventCountry "NZL"]
[SourceTitle "EXT 2024"]
[Source "ChessBase"]
[SourceDate "2023.10.10"]
[SourceVersion "1"]
[SourceVersionDate "2023.10.10"]
[SourceQuality "1"]

1. Nf3 d5 2. d4 e6 3. Bf4 Nf6 4. e3 Nbd7 5. Bd3 c5 6. c3 Be7 7. Nbd2 0-0 8. 0-0 b6 9. Re1 Bb7 10. Ne5 Nxe5 11. Bxe5 Nd7 12. Bf4 Nf6 13. Be5 Bd6 14. Nf3 Bxe5 15. Nxe5 Nd7 16. Qc2 h6 17. Nxd7 Qxd7 18. Qe2 a6 19. f4 c4 20. Bc2 b5 21. Qh5 Qe7 22. g4 f5 23. gxf5 exf5 24. Bxf5 Qf6 25. Bc2 Rae8 26. Qg6 Qxg6+ 27. Bxg6 Re6 28. f5 Re4 29. Kf2 Bc8 30. Rf1 Bxf5 31. Bxf5 Rxf5+ 32. Ke2 Rh5 33. Rf2 Rh3 34. Raf1 Rexe3+ 35. Kd2 Re4 36. Rf8+ Kh7 37. R1f2 Reh4 38. R8f5 Rh5 39. Rxh5 Rxh5 40. Ke3 Kg6 41. Rg2+ Rg5 42. Rf2 h5 43. h4 Rg4 44. Rf4 Rxf4 45. Kxf4 Kf6 46. b4 cxb3 47. axb3 a5 48. Ke3 Kf5 49. Kd3 a4 50. bxa4 bxa4 51. c4 dxc4+ 52. Kxc4 a3 0-1

[Event "NZL-ch Seniors"]
[Site "Auckland"]
[Date "2020.11.28"]
[Round "4"]
[White "Gilmour, Mark"]
[Black "Morrell, Gordon"]
[Result "0-1"]
[WhiteElo "1716"]
[BlackElo "2037"]
[PlyCount "54"]
[EventDate "2020.11.26"]
[EventType "swiss"]
[EventRounds "6"]
[EventCountry "NZL"]
[SourceTitle "EXT 2024"]
[Source "ChessBase"]
[SourceDate "2023.10.10"]
[SourceVersion "1"]
[SourceVersionDate "2023.10.10"]
[SourceQuality "1"]

1. e4 c5 2. Nf3 Nc6 3. d3 g6 4. g3 Bg7 5. Bg2 e5 6. 0-0 Nge7 7. c3 0-0 8. Nh4 d6 9. f4 exf4 10. Bxf4 h6 11. Nf3 Ne5 12. Qc2 N7c6 13. Nbd2 Bg4 14. h3 Be6 15. Kh2 Rc8 16. Be3 b6 17. a3 d5 18. Nxe5 Nxe5 19. d4 cxd4 20. Bxd4 Ng4+ 21. hxg4 Bxd4 22. exd5 Bd7 23. Qb3 Be5 24. Bf3 Qh4+ 25. Kg1 Qxg3+ 26. Bg2 Bxg4 27. c4 Bd4+ 0-1

[Event "NZL-ch Seniors"]
[Site "Auckland"]
[Date "2020.11.27"]
[Round "2"]
[White "Gilmour, Mark"]
[Black "Lourenco, Eva"]
[Result "1-0"]
[WhiteElo "1716"]
[BlackElo "1350"]
[PlyCount "69"]
[EventDate "2020.11.26"]
[EventType "swiss"]
[EventRounds "6"]
[EventCountry "NZL"]
[SourceTitle "EXT 2024"]
[Source "ChessBase"]
[SourceDate "2023.10.10"]
[SourceVersion "1"]
[SourceVersionDate "2023.10.10"]
[SourceQuality "1"]

1. e4 c5 2. Nc3 Nc6 3. f4 g6 4. Nf3 Bg7 5. Bc4 d6 6. 0-0 Nf6 7. d3 0-0 8. a3 e6 9. Qe1 d5 10. Bb5 Qb6 11. Bxc6 Qxc6 12. e5 Nd7 13. Kh1 f6 14. d4 b6 15. Be3 Bb7 16. Ne2 fxe5 17. fxe5 Qc7 18. c3 b5 19. Qh4 Qd8 20. Bg5 Qe8 21. Be7 Rf7 22. Bd6 Rc8 23. Ng5 Rxf1+ 24. Rxf1 h6 25. Nf3 Ba6 26. b4 cxb4 27. axb4 Rc4 28. Ra1 Rc6 29. Qg4 g5 30. h4 gxh4 31. Nxh4 Nf8 32. Rf1 Bc8 33. Rxf8+ Qxf8 34. Bxf8 Kxf8 35. Ng6+ 1-0

[Event "Henderson Trusts op 39th"]
[Site "Henderson"]
[Date "2016.06.06"]
[Round "6"]
[White "Lyall, Simon"]
[Black "Gilmour, Mark"]
[Result "1/2-1/2"]
[WhiteElo "1785"]
[BlackElo "1799"]
[PlyCount "64"]
[EventDate "2016.06.04"]
[EventType "swiss"]
[EventRounds "6"]
[EventCountry "NZL"]
[SourceTitle "EXT 2018"]
[Source "ChessBase"]
[SourceDate "2017.10.13"]
[SourceVersion "1"]
[SourceVersionDate "2017.10.13"]
[SourceQuality "1"]

1. e4 c6 2. Nc3 d5 3. Nf3 d4 4. Ne2 c5 5. Ng3 Nc6 6. Bc4 e6 7. 0-0 Be7 8. c3 Nf6 9. d3 0-0 10. Re1 e5 11. h3 Qc7 12. a3 h6 13. Nh4 Be6 14. Bxe6 fxe6 15. Ng6 Rf7 16. f4 Bd6 17. f5 Re8 18. fxe6 Rxe6 19. h4 Nxe4 20. Nxe4 Rxg6 21. h5 Re6 22. Qg4 Qe7 23. c4 b6 24. Bd2 Bc7 25. Rf1 Nd8 26. Ng3 Rxf1+ 27. Rxf1 Rf6 28. Bxh6 Rxf1+ 29. Nxf1 Qf6 30. Bg5 Qe6 31. Qe4 Qc6 32. Qf5 Nf7 1/2-1/2